LEADER 00880naa a2200217 u 4500 001 000000096480 003 CaOOAMICUS 005 20070226130146.0 008 041019s1993 it u000 u ita u 020 $a8802047375 035 $a11012217 040 $aIAR$bita 100 1 $aCarugo, Adriano.$0(OLS)http://pul/name/61486 245 10$aGalileo e la nascita della comunità scientifica europea /$cAdriano Carugo. 260 $aTorino :$bUTET,$c1993. 300 $aS. 171-192 ;$c29 cm 773 0 $aL'Italia e la formazione della civiltà europea : La cultura civile. 773 0 $tL'Italia e la formazione della civiltà europea. 1, La cultura civile$w()19288 996 $6020$a8802047375$9(OLS)http://pul/number/24663 996 $6245$aGalileo e la nascita della comunità scientifica europea$9(OLS)http://pul/title/123357 996 $6260$aTorino :$bUTET$9(OLS)http://pul/publisher/48088 LEADER 01141nam a2200265 a 4500 001 000000134543 003 CaOOAMICUS 005 20130624145946.0 008 130624s1955 it u000 u ita r 040 $aPUL$bita 100 1 $aRigobello, Armando,$d1924-$0(OLS)http://pul/name/2221 245 13$aIl contributo filosofico di E. Mounier /$cArmando Rigobello. 260 $aRoma :$bFratelli Bocca$g1955 300 $a139 p. ;$c22 cm 490 1 $aPubblicazioni dell'Istituto di Filosofia della Università di Padova ;$v01 504 $aBibliografia in nota. 600 14$aMounier, Emmanuel,$d1905-1950$xFilosofia.$0(OLS)http://pul/subject/39687 830 0$aPubblicazioni dell'Istituto di Filosofia della Università di Padova ;$v01.$0(OLS)http://pul/title/170137 850 $aPUL 852 $aPUL$W1$xDP1 Fondo E. Rossi$y115$m1 R 37$j154756$qFondi$B154262$CPULBib$Z2$F154262 $82 941 1 $a1 961 $aSul dorso collocazione ms. di E. Rossi: R 9 1 996 $6245$aIl contributo filosofico di E. Mounier$9(OLS)http://pul/title/170136 996 $6260$aRoma :$bFratelli Bocca$9(OLS)http://pul/publisher/50941